[Event "Uxbridge Open"]
[Site "Denham Grove"]
[Date "2010.03.21"]
[Round "4"]
[White "Arkell, Keith C"]
[Black "Radovanovic, Jovica"]
[Result "1/2-1/2"]
[WhiteElo "2474"]
[BlackElo "2348"]
[PlyCount "80"]
[EventDate "2010.03.19"]
[EventType "swiss"]
[EventRounds "5"]
[EventCountry "ENG"]

1. c4 e5 2. Nc3 Nf6 3. g3 Bb4 4. Bg2 Bxc3 5. bxc3 O-O 6. e4 d6 7. Ne2 Nc6 8. d3
Bd7 9. h3 Ne8 10. Rb1 Rb8 11. g4 Ne7 12. Ng3 Ng6 13. Nf5 Kh8 14. h4 c6 15. g5
Nf4 16. Bxf4 exf4 17. Qd2 Qa5 18. Qxf4 Qxa2 19. O-O Qc2 20. Rfc1 Qa2 21. Nxd6
Nxd6 22. Qxd6 Be6 23. Bf1 Kg8 24. Qf4 f6 25. gxf6 gxf6 26. d4 Qa5 27. d5 Bd7
28. Qd6 Qd8 29. Kh2 Qe8 30. c5 Qe5+ 31. f4 Qxe4 32. Bg2 Qf5 33. dxc6 Bxc6 34.
Bxc6 Rbd8 35. Rg1+ Kh8 36. Qc7 Rd2+ 37. Rg2 Rxg2+ 38. Bxg2 Qxb1 39. Qe7 Rg8 40.
Qxf6+ Rg7 1/2-1/2

[Event "Uxbridge Open"]
[Site "Denham Grove"]
[Date "2010.03.21"]
[Round "4"]
[White "Bailey, Kevin J"]
[Black "Gibbs, Dominic V"]
[Result "1-0"]
[WhiteElo "2076"]
[BlackElo "1980"]
[PlyCount "53"]
[EventDate "2010.03.19"]
[EventType "swiss"]
[EventRounds "5"]
[EventCountry "ENG"]

1. c4 f5 2. g3 Nf6 3. Bg2 g6 4. Nc3 Bg7 5. d3 O-O 6. e4 d6 7. Nge2 Nc6 8. O-O
e5 9. Nd5 Ne7 10. Nxf6+ Bxf6 11. Bh6 Re8 12. Qd2 Kh8 13. Rad1 Ng8 14. Be3 c5
15. exf5 gxf5 16. b4 cxb4 17. Qxb4 Bg7 18. d4 f4 19. gxf4 Qh4 20. fxe5 dxe5 21.
Qd2 Bh3 22. Ng3 Bxg2 23. Kxg2 Nh6 24. Bg5 Qg4 25. Bxh6 Re6 26. Bxg7+ Kxg7 27.
h3 1-0

[Event "Uxbridge Open"]
[Site "Denham Grove"]
[Date "2010.03.21"]
[Round "4"]
[White "Burrows, Martin P"]
[Black "Harley-Yeo, Gareth"]
[Result "1-0"]
[WhiteElo "2186"]
[BlackElo "2053"]
[PlyCount "91"]
[EventDate "2010.03.19"]
[EventType "swiss"]
[EventRounds "5"]
[EventCountry "ENG"]

1. e4 g6 2. d4 Bg7 3. Nc3 d6 4. Be3 a6 5. Qd2 Nd7 6. O-O-O b5 7. f3 Bb7 8. g4
Rc8 9. h4 c5 10. h5 Qa5 11. h6 Bf8 12. Kb1 b4 13. Nce2 c4 14. c3 bxc3 15. Nxc3
e6 16. d5 e5 17. g5 Nb6 18. Bh3 Rb8 19. f4 f6 20. Nf3 Be7 21. fxe5 fxe5 22.
Rhf1 Bc8 23. Bxc8 Nxc8 24. Rc1 Qb4 25. Rc2 a5 26. a4 Nb6 27. Bxb6 Qxb6 28. Nb5
Rc8 29. Rfc1 Nxh6 30. gxh6 O-O 31. Ng5 Rf4 32. Qg2 Qe3 33. Rc3 Qf2 34. Qh3 Bxg5
35. Qxc8+ Rf8 36. Qe6+ Kh8 37. Nxd6 Bxh6 38. Rxc4 Bxc1 39. Rxc1 Qg3 40. Nf7+
Kg7 41. Qxe5+ Qxe5 42. Nxe5 Re8 43. d6 Kf6 44. d7 Rd8 45. Rc8 Ke7 46. Nc6+ 1-0

[Event "Uxbridge Open"]
[Site "Denham Grove"]
[Date "2010.03.21"]
[Round "4"]
[White "Cutmore, Martin J"]
[Black "Holland, James P"]
[Result "1/2-1/2"]
[WhiteElo "2059"]
[BlackElo "1973"]
[PlyCount "53"]
[EventDate "2010.03.19"]
[EventType "swiss"]
[EventRounds "5"]
[EventCountry "ENG"]

1. d4 d5 2. c4 e6 3. cxd5 exd5 4. Nc3 c5 5. Nf3 Nc6 6. g3 Nf6 7. Bg2 Be7 8. O-O
O-O 9. Bg5 c4 10. Ne5 Be6 11. Nxc6 bxc6 12. b3 Qa5 13. Qc2 Rad8 14. Na4 h6 15.
Bxf6 Bxf6 16. e3 Bc8 17. bxc4 Ba6 18. Nc5 Bxc4 19. Rfb1 Qa3 20. Bf1 Bxf1 21.
Kxf1 Be7 22. Rb3 Qa5 23. Nd3 Rc8 24. Rab1 Qa4 25. Kg1 Rc7 26. Qb2 Qa6 27. Rc3
1/2-1/2

[Event "Uxbridge Open"]
[Site "Denham Grove"]
[Date "2010.03.21"]
[Round "4"]
[White "Doci, Stefan"]
[Black "Ackley, Peter J E"]
[Result "1-0"]
[WhiteElo "2071"]
[BlackElo "2092"]
[PlyCount "53"]
[EventDate "2010.03.19"]
[EventType "swiss"]
[EventRounds "5"]
[EventCountry "ENG"]

1. d4 e6 2. Nf3 f5 3. b3 Nf6 4. e3 b6 5. Bd3 Bb7 6. O-O Be7 7. Bb2 O-O 8. Nbd2
Qe8 9. c4 Na6 10. Rc1 Ne4 11. a3 Bf6 12. Ne1 Qg6 13. f3 Nd6 14. b4 Qh6 15. Qe2
c5 16. Nc2 Rae8 17. Nb3 e5 18. dxc5 e4 19. Bxf6 exd3 20. Qxd3 Rxf6 21. cxd6
Rxd6 22. Qxf5 Rxe3 23. Nxe3 Qxe3+ 24. Kh1 Qxb3 25. Rce1 Nc7 26. Re7 Rf6 27.
Qxd7 1-0

[Event "Uxbridge Open"]
[Site "Denham Grove"]
[Date "2010.03.21"]
[Round "4"]
[White "Ganger, Rajan"]
[Black "Armstrong, Malcolm J"]
[Result "1-0"]
[WhiteElo "1947"]
[BlackElo "1989"]
[PlyCount "95"]
[EventDate "2010.03.19"]
[EventType "swiss"]
[EventRounds "5"]
[EventCountry "ENG"]

1. e4 d5 2. exd5 Qxd5 3. d4 c6 4. c4 Qa5+ 5. Bd2 Qb6 6. Bc3 Nf6 7. Bd3 Bg4 8.
Nf3 e6 9. Nbd2 Nbd7 10. O-O Be7 11. Qc2 Bh5 12. b4 Bg6 13. Ne5 Rd8 14. Nxd7
Rxd7 15. Nf3 Qc7 16. Rad1 Bh5 17. Be2 Bg6 18. Qa4 Ne4 19. Bb2 O-O 20. Ne5 Rdd8
21. Bd3 Nf6 22. Nxg6 hxg6 23. Rfe1 Ng4 24. g3 Bf6 25. Be2 Nh6 26. Rd3 b6 27.
Qc2 Rd7 28. Red1 Rfd8 29. Bf3 Nf5 30. c5 b5 31. g4 Nxd4 32. Bxd4 Rxd4 33. Rxd4
Bxd4 34. Qe4 e5 35. Kg2 Rc8 36. h4 a5 37. a3 axb4 38. axb4 Qd8 39. g5 Kf8 40.
Bg4 Rc7 41. f4 Qe7 42. Rd2 f6 43. gxf6 gxf6 44. Qxg6 Bc3 45. Qh6+ Kg8 46. Be6+
Qxe6 47. Rd8+ Kf7 48. Qh7# 1-0

[Event "Uxbridge Open"]
[Site "Denham Grove"]
[Date "2010.03.21"]
[Round "4"]
[White "Hunt, Daniel"]
[Black "De Coverly, Roger D"]
[Result "1/2-1/2"]
[WhiteElo "2019"]
[BlackElo "2119"]
[PlyCount "79"]
[EventDate "2010.03.19"]
[EventType "swiss"]
[EventRounds "5"]
[EventCountry "ENG"]

1. e4 e5 2. Nf3 Nc6 3. Bb5 a6 4. Ba4 Nf6 5. Qe2 b5 6. Bb3 Be7 7. O-O O-O 8. c3
d6 9. Rd1 Na5 10. Bc2 c5 11. d4 Qc7 12. d5 Re8 13. b3 g6 14. Nbd2 Bf8 15. Nf1
Bg7 16. Ng3 Rb8 17. Bd2 h6 18. h3 Nh7 19. Nh2 h5 20. Rac1 Rf8 21. f4 exf4 22.
Bxf4 h4 23. Ngf1 Bxc3 24. Nf3 Qd8 25. Bxd6 Qxd6 26. e5 Re8 27. exd6 Rxe2 28.
Bd3 Rxa2 29. Rxc3 Nb7 30. Nxh4 Ra3 31. Nd2 c4 32. Rdc1 Nxd6 33. bxc4 Rxc3 34.
Rxc3 bxc4 35. Nxc4 Nb5 36. Rb3 Bd7 37. Ne5 Rd8 38. Nc6 Bxc6 39. dxc6 Rc8 40.
Bxb5 1/2-1/2

[Event "Uxbridge Open"]
[Site "Denham Grove"]
[Date "2010.03.21"]
[Round "4"]
[White "Livner, Anders"]
[Black "Houska, Jovanka"]
[Result "1/2-1/2"]
[WhiteElo "2304"]
[BlackElo "2392"]
[PlyCount "111"]
[EventDate "2010.03.19"]
[EventType "swiss"]
[EventRounds "5"]
[EventCountry "ENG"]

1. d4 d5 2. c4 c6 3. Nc3 Nf6 4. e3 e6 5. Nf3 Nbd7 6. Bd3 Be7 7. O-O O-O 8. b3
b6 9. Bb2 Bb7 10. Qe2 c5 11. Rfd1 cxd4 12. exd4 Rc8 13. Rac1 Nh5 14. Qe3 Re8
15. Ne2 g6 16. Re1 Bb4 17. Bc3 Bxc3 18. Nxc3 dxc4 19. Bxc4 a6 20. a4 Ng7 21.
Qd3 Ra8 22. Rcd1 Nf6 23. h3 Nd5 24. Bxd5 Bxd5 25. Nxd5 Qxd5 26. Rc1 Red8 27.
Rc7 Ne8 28. Rc3 Qf5 29. Qe2 Qh5 30. Rec1 Nf6 31. Rc6 Nd5 32. Qe4 Qf5 33. Qh4
Qf4 34. Qxf4 Nxf4 35. Kf1 Nd5 36. g3 a5 37. Ke2 Rab8 38. Ne5 Kg7 39. h4 h5 40.
R6c4 Rd6 41. Nd3 Rd7 42. b4 axb4 43. Nxb4 b5 44. axb5 Rxb5 45. Nxd5 Rdxd5 46.
Ke3 Kf6 47. Rc5 Rb3+ 48. R1c3 Rxc3+ 49. Rxc3 Kf5 50. Rc7 f6 51. Rf7 Ra5 52. Rf8
Ra1 53. Rf7 Re1+ 54. Kf3 Rd1 55. Ke3 Re1+ 56. Kf3 1/2-1/2

[Event "Uxbridge Open"]
[Site "Denham Grove"]
[Date "2010.03.21"]
[Round "4"]
[White "Makepeace, Philip J"]
[Black "Iyengar, Ilya"]
[Result "0-1"]
[WhiteElo "2042"]
[BlackElo "2013"]
[PlyCount "94"]
[EventDate "2010.03.19"]
[EventType "swiss"]
[EventRounds "5"]
[EventCountry "ENG"]

1. e4 c5 2. Nf3 e6 3. d4 cxd4 4. Nxd4 Nf6 5. Nc3 d6 6. g3 a6 7. Bg2 Be7 8. O-O
O-O 9. a4 Qc7 10. Be3 Nc6 11. Nxc6 bxc6 12. a5 Nd7 13. Na4 c5 14. f4 Rb8 15.
Qe2 Bf6 16. c3 Rb5 17. g4 Rxa5 18. g5 Be7 19. c4 Nb6 20. b3 Nxa4 21. bxa4 Bd7
22. Qd1 Rb8 23. Bd2 Rb4 24. Bxb4 cxb4 25. Qb3 Rc5 26. Qxb4 Rxc4 27. Qb3 d5 28.
Rfb1 Rb4 29. Qd3 Qxf4 30. Rxb4 Bxb4 31. Rf1 Qxg5 32. Qxa6 Be8 33. Qa8 Kf8 34.
a5 Bc5+ 35. Kh1 Qe5 36. Bf3 Bd6 37. Rf2 Bc5 38. Rc2 Qa1+ 39. Kg2 Qg1+ 40. Kh3
Qf1+ 41. Kg4 h5+ 42. Kf4 g5+ 43. Kxg5 Qxf3 44. Kh6 Qg4 45. Rg2 Be3+ 46. Kh7
Qxe4+ 47. Kh8 Bd4+ 0-1

[Event "Uxbridge Open"]
[Site "Denham Grove"]
[Date "2010.03.21"]
[Round "4"]
[White "McIntyre, Paul"]
[Black "Coates, David H"]
[Result "0-1"]
[WhiteElo "2118"]
[BlackElo "2043"]
[PlyCount "100"]
[EventDate "2010.03.19"]
[EventType "swiss"]
[EventRounds "5"]
[EventCountry "ENG"]

1. e4 e5 2. Nf3 Nc6 3. Bb5 a6 4. Ba4 Nf6 5. O-O Be7 6. Re1 b5 7. Bb3 d6 8. c3
O-O 9. h3 Na5 10. Bc2 c5 11. d4 Nd7 12. Nbd2 exd4 13. cxd4 Nc6 14. d5 Nce5 15.
Nxe5 Nxe5 16. f4 Ng6 17. Nf3 Bh4 18. Rf1 Bg3 19. f5 Ne5 20. Nxe5 Bxe5 21. Qh5
f6 22. Rf4 Bxf4 23. Bxf4 Qe7 24. Re1 Rd8 25. Re3 Qf7 26. Qh4 Qf8 27. g4 h6 28.
Qg3 Ra7 29. h4 Kh8 30. Re2 a5 31. Rg2 b4 32. g5 Ba6 33. gxh6 gxh6 34. Qg6 Rh7
35. Qh5 Bb5 36. Rg6 Be8 37. Kh2 c4 38. Qf3 h5 39. Qe3 Qe7 40. Kh3 Bxg6 41. fxg6
Rg7 42. Qf3 Qd7+ 43. Kh2 Rxg6 44. e5 Qg4 45. Qf2 dxe5 46. Bxg6 Qxf4+ 47. Qxf4
exf4 48. Be4 c3 49. bxc3 bxc3 50. Kg2 Rxd5 0-1

[Event "Uxbridge Open"]
[Site "Denham Grove"]
[Date "2010.03.21"]
[Round "4"]
[White "Ociepka, Adrian"]
[Black "Atako, Chino"]
[Result "1-0"]
[WhiteElo "2176"]
[BlackElo "2052"]
[PlyCount "79"]
[EventDate "2010.03.19"]
[EventType "swiss"]
[EventRounds "5"]
[EventCountry "ENG"]

1. e4 d6 2. d4 g6 3. Nc3 a6 4. a4 Bg7 5. h3 b6 6. Nf3 Nd7 7. Bc4 e6 8. O-O h6
9. Re1 Ne7 10. Be3 O-O 11. Qd2 Kh7 12. Rad1 Bb7 13. Qe2 Nf6 14. Bc1 Re8 15. Bd3
Nc6 16. Qd2 Nd7 17. Ne2 e5 18. c3 exd4 19. cxd4 Nf6 20. Nc3 Nb4 21. Bb1 Re7 22.
Re2 Qe8 23. Qe1 Rd8 24. Bf4 Qd7 25. Qd2 Rde8 26. Rde1 Qc6 27. d5 Qd7 28. Nd4
Qc8 29. Bh2 Nd7 30. f4 Qa8 31. Nf3 a5 32. Nd4 Nf6 33. g4 Nfxd5 34. exd5 Rxe2
35. Rxe2 Rxe2 36. Ndxe2 Nxd5 37. Nxd5 Bxd5 38. Nc3 Bh1 39. Bg3 Qf3 40. Kh2 1-0

[Event "Uxbridge Open"]
[Site "Denham Grove"]
[Date "2010.03.21"]
[Round "4"]
[White "Pleasants, Allan J"]
[Black "Andreev, Peter"]
[Result "0-1"]
[WhiteElo "2038"]
[BlackElo "1846"]
[PlyCount "77"]
[EventDate "2010.03.19"]
[EventType "swiss"]
[EventRounds "5"]
[EventCountry "ENG"]

1. Nf3 Nf6 2. g3 g6 3. Bg2 Bg7 4. d4 O-O 5. O-O d6 6. c4 c6 7. Nc3 a6 8. h3 b5
9. b3 h6 10. Bb2 Qb6 11. Qc2 Be6 12. Rac1 Nbd7 13. Rfd1 Rfc8 14. Ba1 bxc4 15.
bxc4 Qa5 16. Qd3 Qh5 17. g4 Qa5 18. e4 Rab8 19. c5 Bxa2 20. Nxa2 Qxa2 21. cxd6
exd6 22. Bc3 c5 23. d5 c4 24. Qe3 Nc5 25. e5 dxe5 26. Nxe5 Nb3 27. Rb1 Qc2 28.
d6 Nd4 29. Qxd4 Rxb1 30. Rxb1 Qxb1+ 31. Kh2 Nd7 32. Nxd7 Bxd4 33. Bxd4 Qb4 34.
Nf6+ Kf8 35. Ne4 c3 36. Bf6 c2 37. Be7+ Kg7 38. d7 Qb8+ 39. Bd6 0-1

[Event "Uxbridge Open"]
[Site "Denham Grove"]
[Date "2010.03.21"]
[Round "4"]
[White "Talbot, Andrew R"]
[Black "Richter, Hans"]
[Result "1-0"]
[WhiteElo "2141"]
[BlackElo "2187"]
[PlyCount "51"]
[EventDate "2010.03.19"]
[EventType "swiss"]
[EventRounds "5"]
[EventCountry "ENG"]

1. d4 d5 2. c4 c6 3. Nf3 Nf6 4. Nc3 e6 5. Bg5 h6 6. Bh4 dxc4 7. e4 g5 8. Bg3 b5
9. Be2 Bb7 10. O-O Nbd7 11. Ne5 Bg7 12. b3 cxb3 13. Qxb3 Qb6 14. Rad1 O-O 15.
Nxd7 Nxd7 16. Bd6 Bxd4 17. Bxf8 Nxf8 18. Bh5 Be5 19. Kh1 Rd8 20. Ne2 Rxd1 21.
Qxd1 c5 22. f4 gxf4 23. Nxf4 Bxe4 24. Bxf7+ Kh8 25. Qg4 Bg7 26. Nh5 1-0

[Event "Uxbridge Open"]
[Site "Denham Grove"]
[Date "2010.03.21"]
[Round "4"]
[White "Tarun, Malhotra"]
[Black "Crichton, Martin"]
[Result "1/2-1/2"]
[WhiteElo "1801"]
[BlackElo "2001"]
[PlyCount "112"]
[EventDate "2010.03.19"]
[EventType "swiss"]
[EventRounds "5"]
[EventCountry "ENG"]

1. e4 c6 2. d4 d5 3. e5 c5 4. c3 Nc6 5. Nf3 Bg4 6. Bb5 e6 7. h3 Bxf3 8. Qxf3
cxd4 9. O-O dxc3 10. Nxc3 Nge7 11. Bg5 h6 12. Bxe7 Bxe7 13. Kh1 O-O 14. Bxc6
bxc6 15. Qg4 Rb8 16. Rab1 Qa5 17. f4 Rb4 18. Ne2 Rfb8 19. b3 Qxa2 20. Ra1 Qxb3
21. Rxa7 Bc5 22. Rc7 Qc4 23. Rc1 Rb1 24. Rc8+ Kh7 25. Rxb8 Rxc1+ 26. Kh2 Rc2
27. Ng3 Qd4 28. Rb1 Qd3 29. Rd1 Qg6 30. Qf3 Bf2 31. Nh5 d4 32. Kh1 Be3 33. g4
Rf2 34. Qxc6 Qc2 35. Qxc2+ Rxc2 36. f5 Rc1 37. Rxc1 Bxc1 38. Kg2 Bg5 39. Kf3 d3
40. fxe6 fxe6 41. Ng3 Kg6 42. Ne4 d2 43. Ke2 Bf4 44. Nc5 Bxe5 45. Kxd2 Kf7 46.
Ke3 Bd6 47. Ne4 Bb4 48. Kf4 Ba3 49. h4 Bc1+ 50. Ke5 Bb2+ 51. Kd6 g6 52. Kd7 Ba3
53. h5 g5 54. Kc6 Ke7 55. Kc7 Bb4 56. Kc6 Ba3 1/2-1/2

[Event "Uxbridge Open"]
[Site "Denham Grove"]
[Date "2010.03.21"]
[Round "4"]
[White "Webb, Matthew D"]
[Black "Nelson, Omowale"]
[Result "1-0"]
[WhiteElo "1999"]
[BlackElo "2076"]
[PlyCount "177"]
[EventDate "2010.03.19"]
[EventType "swiss"]
[EventRounds "5"]
[EventCountry "ENG"]

1. e4 c6 2. d4 d5 3. e5 Bf5 4. Ne2 Qb6 5. Ng3 Bd7 6. Be3 Qxb2 7. Nd2 Qb6 8. Bd3
e6 9. O-O Qc7 10. Qg4 g6 11. Bg5 c5 12. c4 Nc6 13. Rac1 Be7 14. Nf3 h6 15. Be3
h5 16. Nxh5 Rxh5 17. Bxg6 Rh8 18. Bb1 Bf8 19. Ng5 Nh6 20. Qf3 O-O-O 21. cxd5
exd5 22. Nxf7 Nxf7 23. Qxf7 Bg4 24. Qg6 Qd7 25. f3 Be6 26. f4 Rg8 27. Qc2 cxd4
28. Bxd4 Kb8 29. Bf2 Nb4 30. Qd2 Bf5 31. Qd4 b6 32. a3 Na6 33. Bxf5 Qxf5 34.
Qa4 Qe4 35. Qxe4 dxe4 36. f5 Nc5 37. e6 Rd5 38. Bh4 Nd3 39. Rc4 Bc5+ 40. Rxc5
Nxc5 41. e7 Nd7 42. f6 Nxf6 43. Rxf6 e3 44. Rf8+ Kb7 45. Kf1 e2+ 46. Ke1 Rxg2
47. Bf2 Re5 48. e8=Q Rxe8 49. Rxe8 Rxh2 50. Kxe2 Rh3 51. Be3 Rh2+ 52. Kd3 Ra2
53. Bc1 Ra1 54. Bb2 Rd1+ 55. Kc2 Rd7 56. Kb3 Ka6 57. Bc3 Rh7 58. Rg8 Rf7 59.
Rg4 Rh7 60. Bg7 Kb5 61. Bd4 Rh3+ 62. Bc3 Ka6 63. Kb4 Rh7 64. Bd4 Rd7 65. a4 Rd5
66. Bc3 Rh5 67. Rg7 Rh4+ 68. Kb3 Rh3 69. Rg5 Rf3 70. a5 bxa5 71. Rxa5+ Kb6 72.
Ra4 a6 73. Kc4 Rf4+ 74. Bd4+ Kb7 75. Rb4+ Kc7 76. Kd5 Rf1 77. Be5+ Kd7 78. Rb7+
Ke8 79. Rc7 Kd8 80. Ra7 Kc8 81. Ra8+ Kd7 82. Rxa6 Rd1+ 83. Bd4 Kc7 84. Ra7+ Kb8
85. Rf7 Rh1 86. Bc5 Rh6 87. Bd6+ Ka8 88. Kc6 Rh8 89. Kb6 1-0

[Event "Uxbridge Open"]
[Site "Denham Grove"]
[Date "2010.03.21"]
[Round "4"]
[White "White, David J"]
[Black "Lenier, Jude A"]
[Result "0-1"]
[WhiteElo "1965"]
[BlackElo "1942"]
[PlyCount "70"]
[EventDate "2010.03.19"]
[EventType "swiss"]
[EventRounds "5"]
[EventCountry "ENG"]

1. e4 e5 2. f4 exf4 3. Nf3 g5 4. h4 g4 5. Ne5 Nf6 6. Bc4 d5 7. exd5 Bh6 8. Nc3
O-O 9. d4 g3 10. Qf3 c6 11. Bxf4 Bxf4 12. Qxf4 cxd5 13. Qg5+ Kh8 14. Nxd5 Nbd7
15. Nxf6 Nxf6 16. Bxf7 Be6 17. O-O Qxd4+ 18. Kh1 Ne4 19. Ng6+ Kg7 20. Qe7 Rxf7
21. Rxf7+ Bxf7 22. Qe5+ Qxe5 23. Nxe5 Re8 24. Nf3 Kg6 25. b3 Kh5 26. Kg1 Kg4
27. Rd1 Re7 28. Rd4 Kf4 29. Kf1 Bh5 30. Nd2 Kf5 31. Rd5+ Re5 32. Rd7 Be2+ 33.
Kg1 Bb5 34. Rf7+ Kg6 35. Nf3 Rd5 0-1

[Event "Uxbridge Open"]
[Site "Denham Grove"]
[Date "2010.03.21"]
[Round "4"]
[White "Ynojosa Aponte, Felix Jose"]
[Black "Amato, Giampiero"]
[Result "1-0"]
[WhiteElo "2165"]
[BlackElo "2044"]
[PlyCount "47"]
[EventDate "2010.03.19"]
[EventType "swiss"]
[EventRounds "5"]
[EventCountry "ENG"]

1. e4 e5 2. Bc4 Nf6 3. d3 c6 4. Nf3 d5 5. Bb3 Bd6 6. Nc3 Be6 7. Bg5 Bc7 8. exd5
cxd5 9. O-O Nc6 10. Re1 Qd7 11. Ba4 Ng4 12. h3 f6 13. hxg4 fxg5 14. Nxe5 Bxe5
15. Rxe5 O-O-O 16. Bxc6 bxc6 17. d4 Bxg4 18. Qd3 g6 19. Na4 Bf5 20. Qa3 Rhe8
21. Rae1 Be4 22. Nc5 Qc7 23. Qa6+ Kb8 24. Re3 1-0

[Event "Uxbridge Open"]
[Site "Denham Grove"]
[Date "2010.03.21"]
[Round "5"]
[White "Amato, Giampiero"]
[Black "McIntyre, Paul"]
[Result "0-1"]
[WhiteElo "2044"]
[BlackElo "2118"]
[PlyCount "118"]
[EventDate "2010.03.19"]
[EventType "swiss"]
[EventRounds "5"]
[EventCountry "ENG"]

1. e4 c5 2. Nf3 d6 3. d4 cxd4 4. Nxd4 Nf6 5. Nc3 a6 6. Be3 e5 7. Nb3 Be6 8. f3
h5 9. Qd2 Nbd7 10. O-O-O Rc8 11. Kb1 Be7 12. Be2 b5 13. Rhe1 Nb6 14. Bxb6 Qxb6
15. Nd5 Nxd5 16. exd5 Bf5 17. Bd3 Bxd3 18. Qxd3 O-O 19. Nd4 Bf6 20. Nc6 g6 21.
Qe3 Qxe3 22. Rxe3 Rfe8 23. c3 Kg7 24. Kc2 Bg5 25. Ree1 h4 26. Ra1 Bf4 27. h3
Bg3 28. Re2 f5 29. Kd3 Kf6 30. a4 Ra8 31. Ra3 Kg5 32. axb5 axb5 33. Rb3 Ra4 34.
Rxb5 e4+ 35. fxe4 fxe4+ 36. Kc2 e3 37. Nd4 Bf2 38. Ne6+ Kf6 39. Kd3 Ra1 40. Rb4
g5 41. Rg4 Rg8 42. c4 Rb1 43. Kc2 Ra1 44. Nf4 Rc8 45. Nd3 Bg1 46. Re1 Rxe1 47.
Nxe1 Bh2 48. b3 Bf4 49. Kd3 Rb8 50. Kc2 Re8 51. Kd3 e2 52. b4 Bg3 53. Kd2 Bf4+
54. Kd3 Re3+ 55. Kd2 Ke5 56. Nf3+ Rxf3+ 57. Kxe2 Rc3 58. c5 dxc5 59. bxc5 Kxd5
0-1

[Event "Uxbridge Open"]
[Site "Denham Grove"]
[Date "2010.03.21"]
[Round "5"]
[White "Andreev, Peter"]
[Black "Makepeace, Philip J"]
[Result "0-1"]
[WhiteElo "1846"]
[BlackElo "2042"]
[PlyCount "32"]
[EventDate "2010.03.19"]
[EventType "swiss"]
[EventRounds "5"]
[EventCountry "ENG"]

1. e4 c6 2. d3 g6 3. Nd2 Bg7 4. g3 d6 5. Bg2 Nf6 6. c3 Nbd7 7. f4 e5 8. Ngf3
exf4 9. gxf4 O-O 10. O-O Nc5 11. Qe2 Re8 12. a4 Nh5 13. Ne1 Ne6 14. Nc4 d5 15.
exd5 Nd4 16. Qf2 Re2 0-1

[Event "Uxbridge Open"]
[Site "Denham Grove"]
[Date "2010.03.21"]
[Round "5"]
[White "Armstrong, Malcolm J"]
[Black "White, David J"]
[Result "1-0"]
[WhiteElo "1989"]
[BlackElo "1965"]
[PlyCount "103"]
[EventDate "2010.03.19"]
[EventType "swiss"]
[EventRounds "5"]
[EventCountry "ENG"]

1. d4 Nf6 2. Nf3 c5 3. d5 d6 4. c4 b5 5. cxb5 a6 6. e3 g6 7. Nc3 Bg7 8. Be2 O-O
9. h3 axb5 10. Bxb5 Ba6 11. Bxa6 Nxa6 12. O-O Qb6 13. Qe2 Rfb8 14. e4 Nd7 15.
Kh2 Rb7 16. Nd2 Qb4 17. a3 Qa5 18. Nc4 Qc7 19. f4 Rb3 20. Bd2 Nb6 21. Rfb1 Nxc4
22. Qxc4 Qb7 23. Ra2 Nc7 24. Nd1 Raxa3 25. Rxa3 Rxa3 26. b4 cxb4 27. Rxb4 Qa7
28. Rb3 Rxb3 29. Qxb3 Ne8 30. Be3 Bd4 31. Qd3 Bxe3 32. Nxe3 Qa4 33. Nc4 Nf6 34.
e5 dxe5 35. fxe5 Nd7 36. Qe2 Qb5 37. e6 Nb6 38. exf7+ Kf8 39. d6 exd6 40. Qe8+
Qxe8 41. fxe8=Q+ Kxe8 42. Nxb6 Ke7 43. Kg3 Ke6 44. Kf4 h6 45. Ke4 h5 46. g3 g5
47. Nd5 h4 48. g4 Kd7 49. Kf5 Kc6 50. Ne3 Kc5 51. Kxg5 d5 52. Nxd5 1-0

[Event "Uxbridge Open"]
[Site "Denham Grove"]
[Date "2010.03.21"]
[Round "5"]
[White "Bonafont, Philip R"]
[Black "Hunt, Daniel"]
[Result "1-0"]
[WhiteElo "2115"]
[BlackElo "2019"]
[PlyCount "73"]
[EventDate "2010.03.19"]
[EventType "swiss"]
[EventRounds "5"]
[EventCountry "ENG"]

1. d4 Nf6 2. Nf3 g6 3. c4 Bg7 4. Nc3 d5 5. Bg5 Ne4 6. cxd5 Nxg5 7. Nxg5 e6 8.
Qd2 h6 9. Nf3 exd5 10. e3 a5 11. Bd3 O-O 12. Qc2 c6 13. O-O Nd7 14. Ne2 Re8 15.
Nf4 Nf8 16. h3 f5 17. Rfe1 Qd6 18. Bf1 Bd7 19. Nd3 g5 20. Nfe5 Ng6 21. Nxd7
Qxd7 22. Nc5 Qf7 23. Bd3 Rf8 24. g3 b6 25. Na4 b5 26. Nc5 Ra7 27. a4 b4 28. e4
fxe4 29. Rxe4 dxe4 30. Bc4 Bxd4 31. Bxf7+ Raxf7 32. Nxe4 Ne5 33. Rf1 c5 34. b3
Kg7 35. Nxc5 Nf3+ 36. Kh1 Bc3 37. Ne6+ 1-0

[Event "Uxbridge Open"]
[Site "Denham Grove"]
[Date "2010.03.21"]
[Round "5"]
[White "Coates, David H"]
[Black "Burrows, Martin P"]
[Result "1-0"]
[WhiteElo "2043"]
[BlackElo "2186"]
[PlyCount "93"]
[EventDate "2010.03.19"]
[EventType "swiss"]
[EventRounds "5"]
[EventCountry "ENG"]

1. e4 c5 2. Nf3 e6 3. d4 cxd4 4. Nxd4 a6 5. Bd3 Bc5 6. Nb3 Be7 7. c4 d6 8. O-O
Nf6 9. Nc3 b6 10. f4 Nbd7 11. Be3 Bb7 12. Qf3 O-O 13. Rac1 Rc8 14. Rfd1 Qc7 15.
Bf2 Rfd8 16. Bg3 g6 17. h3 Nc5 18. Nxc5 Qxc5+ 19. Bf2 Qc7 20. Qe3 Nd7 21. b4
Qb8 22. a3 Qa8 23. Rc2 Re8 24. Rdc1 Rb8 25. g4 Bf6 26. g5 Bg7 27. h4 Rbd8 28.
Qe2 f5 29. Re1 h5 30. Na4 b5 31. cxb5 axb5 32. Bxb5 Bxe4 33. Rc7 Re7 34. Rec1
Kf7 35. Ra7 Qd5 36. Bc4 Bf3 37. Bxd5 Bxe2 38. Bb3 Nf8 39. Rxe7+ Kxe7 40. Nb6
Bb5 41. a4 Bd3 42. Rc7+ Nd7 43. a5 Bb5 44. a6 Ke8 45. Bxe6 Nxb6 46. Bxb6 Kf8
47. Rf7+ 1-0

[Event "Uxbridge Open"]
[Site "Denham Grove"]
[Date "2010.03.21"]
[Round "5"]
[White "Gibbs, Dominic V"]
[Black "Tarun, Malhotra"]
[Result "1/2-1/2"]
[WhiteElo "1980"]
[BlackElo "1801"]
[PlyCount "91"]
[EventDate "2010.03.19"]
[EventType "swiss"]
[EventRounds "5"]
[EventCountry "ENG"]

1. e4 e5 2. Nf3 Nc6 3. Bb5 a6 4. Ba4 Nf6 5. d3 b5 6. Bb3 Be7 7. O-O d6 8. c3
O-O 9. h3 Na5 10. Bc2 c5 11. Re1 Qc7 12. Nbd2 Ne8 13. d4 Bd7 14. Nf1 g6 15. Bh6
Ng7 16. Ne3 Be6 17. d5 Bd7 18. Nh2 f6 19. f4 exf4 20. Bxf4 f5 21. Bh6 f4 22.
Neg4 Nc4 23. b3 Ne5 24. Rf1 g5 25. Nxe5 dxe5 26. Nf3 g4 27. hxg4 Bxg4 28. Qd3
Qd6 29. Bxg7 Kxg7 30. Kf2 c4 31. bxc4 bxc4 32. Qxc4 Rfc8 33. Qd3 Qb6+ 34. Ke2
Qa5 35. c4 Bc5 36. Bb3 Be3 37. Rab1 Rab8 38. Kd1 Rxc4 39. Bxc4 Rxb1+ 40. Kc2
Rxf1 41. Qxf1 Qc7 42. Qd3 Bd7 43. d6 Qc5 44. Qd5 Qxd5 45. Bxd5 Kf6 46. Bc4
1/2-1/2

[Event "Uxbridge Open"]
[Site "Denham Grove"]
[Date "2010.03.21"]
[Round "5"]
[White "Harley-Yeo, Gareth"]
[Black "De Coverly, Roger D"]
[Result "0-1"]
[WhiteElo "2053"]
[BlackElo "2119"]
[PlyCount "112"]
[EventDate "2010.03.19"]
[EventType "swiss"]
[EventRounds "5"]
[EventCountry "ENG"]

1. d4 Nf6 2. c4 g6 3. Nc3 Bg7 4. e4 d6 5. Nge2 e5 6. d5 c6 7. Ng3 cxd5 8. exd5
O-O 9. Bd3 Nbd7 10. O-O Nc5 11. Bc2 a5 12. Rb1 Bd7 13. a3 a4 14. f3 Ne8 15.
Nge4 Qa5 16. Be3 Nxe4 17. fxe4 Nc7 18. Qd2 Na6 19. Kh1 Rac8 20. Bd3 Nc5 21. Be2
Nb3 22. Qe1 f5 23. Bg5 Rf7 24. Qh4 Nd4 25. Bd3 f4 26. Rf2 b5 27. cxb5 Nxb5 28.
Nxb5 Bxb5 29. Qh3 Rc5 30. Bxb5 Qxb5 31. Rbf1 Qc4 32. Qe6 Qxe4 33. Qe8+ Bf8 34.
Bh6 Qxd5 35. Bxf8 Rxf8 36. Qxa4 Qc6 37. Qb3+ Kg7 38. Qd3 e4 39. Qd4+ Kg8 40. h3
Rcf5 41. b4 d5 42. Rb2 f3 43. g4 R5f7 44. Qe3 Qd6 45. Rd2 Qg3 46. Rh2 Qe5 47.
Rd2 d4 48. Qxd4 Qxd4 49. Rxd4 e3 50. Re4 e2 51. Rf2 Rd7 52. Rexe2 fxe2 53. Rxe2
Rf3 54. Ra2 Rxh3+ 55. Kg2 Rb3 56. Kf2 Rdd3 0-1

[Event "Uxbridge Open"]
[Site "Denham Grove"]
[Date "2010.03.21"]
[Round "5"]
[White "Holland, James P"]
[Black "Crichton, Martin"]
[Result "1/2-1/2"]
[WhiteElo "1973"]
[BlackElo "2001"]
[PlyCount "31"]
[EventDate "2010.03.19"]
[EventType "swiss"]
[EventRounds "5"]
[EventCountry "ENG"]

1. d4 Nf6 2. c4 c5 3. d5 b5 4. Qc2 bxc4 5. e4 d6 6. Bxc4 g6 7. Nc3 Bg7 8. Nge2
O-O 9. O-O Ba6 10. b3 Bxc4 11. bxc4 Nbd7 12. f4 Nb6 13. Qd3 Qd7 14. Bd2 Na4 15.
Qc2 Nb6 16. Qd3 1/2-1/2